Moral cleansing as hypocrisy : (Record no. 20548)
[ view plain ]
| 000 -LEADER | |
|---|---|
| fixed length control field | 00988nam a22002177a 4500 |
| 005 - DATE AND TIME OF LATEST TRANSACTION | |
| control field | 20250909133433.0 |
| 008 - FIXED-LENGTH DATA ELEMENTS--GENERAL INFORMATION | |
| fixed length control field | 240816b ||||| |||| 00| 0 eng d |
| 082 ## - DEWEY DECIMAL CLASSIFICATION NUMBER | |
| Classification number | DPer 155.205 J826 July-September 2020 v. 119 n. 1-3 |
| 100 ## - MAIN ENTRY--PERSONAL NAME | |
| Personal name | O'Connor, Kieran. |
| Relator term | author. |
| 9 (RLIN) | 58044 |
| 245 ## - TITLE STATEMENT | |
| Title | Moral cleansing as hypocrisy : |
| Remainder of title | when private acts of charity make you feel better that you deserve / |
| Statement of responsibility, etc. | Kieran O'Connor, Brian J. Lucas, and Daniel A. Effron. |
| 260 ## - PUBLICATION, DISTRIBUTION, ETC. (IMPRINT) | |
| Place of publication, distribution, etc. | Washington ; |
| Name of publisher, distributor, etc. | American Psychological Association , |
| Date of publication, distribution, etc. | September 2020. |
| 300 ## - PHYSICAL DESCRIPTION | |
| Extent | Volume 119, pages 540-559 : |
| Other physical details | illustration ; |
| Dimensions | 27 cm. |
| 500 ## - GENERAL NOTE | |
| General note | Journal of Personality and Social Psychology , vol. 119, no. 3, pages 540-559, September 2020. |
| 650 ## - SUBJECT ADDED ENTRY--TOPICAL TERM | |
| Topical term or geographic name as entry element | Social Psychology. |
| 9 (RLIN) | 60957 |
| 650 ## - SUBJECT ADDED ENTRY--TOPICAL TERM | |
| Topical term or geographic name as entry element | Guilt. |
| 9 (RLIN) | 60958 |
| 650 ## - SUBJECT ADDED ENTRY--TOPICAL TERM | |
| Topical term or geographic name as entry element | Attitude (Psychology). |
| 9 (RLIN) | 60959 |
| 700 ## - ADDED ENTRY--PERSONAL NAME | |
| Personal name | O'Connor, Kieran. |
| Relator term | author. |
| 9 (RLIN) | 58044 |
| 700 ## - ADDED ENTRY--PERSONAL NAME | |
| Personal name | Lucas, Brian J. |
| Relator term | author. |
| 9 (RLIN) | 58045 |
| 700 ## - ADDED ENTRY--PERSONAL NAME | |
| Personal name | Effron, Daniel A. |
| Relator term | author. |
| 9 (RLIN) | 58046 |
| 942 ## - ADDED ENTRY ELEMENTS (KOHA) | |
| Source of classification or shelving scheme | Dewey Decimal Classification |
| Koha item type | Periodicals |
| Withdrawn status | Lost status | Source of classification or shelving scheme | Damaged status | Not for loan | Collection code | Home library | Current library | Date acquired | Total Checkouts | Full call number | Date last seen | Price effective from | Koha item type | Public note |
|---|---|---|---|---|---|---|---|---|---|---|---|---|---|---|
| Dewey Decimal Classification | Periodicals | UM Digos College - LIC | UM Digos College - LIC | 08/16/2024 | DPer 155.205 J826 July-September 2020 v. 119 n. 1-3 | 08/16/2024 | 08/16/2024 | Periodicals | Periodical Article |
